[Event "EU-ch U16"]
[Site "Szombathely"]
[Date "1993.??.??"]
[Round "3"]
[White "Gyimesi, Zoltan"]
[Black "Dumitrescu, Dragos"]
[Result "1-0"]
[WhiteElo "2395"]
[BlackElo "2290"]

1.d4 Nf6 2.c4 g6 3.Nc3 Bg7 4.e4 d6 5.Be2 O-O 6.Nf3 e5 7.O-O Nc6 8.d5 Ne7
9.Ne1 Nd7 10.Nd3 f5 11.Bd2 fxe4 12.Nxe4 Nf5 13.Bc3 Nf6 14.Bf3 Nh4 15.Nxf6+ Qxf6
16.Be4 Bf5 17.Qe2 Bxe4 18.Qxe4 Qf5 19.Rae1 g5 20.f3 Qxe4 21.Rxe4 Nf5 22.Re2 Bf6
23.Nf2 Kf7 24.Ne4 Be7 25.a4 Ke8 26.b4 Kd7 27.Rc1 Ng7 28.Bd2 h6 29.c5 b6 30.Be3 Rab8
31.Rec2 Ne8 32.h3 Bd8 33.Ra2 Nf6 34.cxd6 cxd6 35.Nxf6+ Rxf6 36.Rc6 Rf7 37.Rac2 Rb7
38.b5 h5 39.R2c4 Rg7 40.Kf2 Rg8 41.Ke2 Rf8 42.Rc8 Rg8 43.Ra8 Rg6 44.Rcc8 Bf6
45.Rf8 g4 46.fxg4 hxg4 47.Rf7+ Be7 48.h4 Rf6 49.Rg7 Rf5 50.Bg5  1-0

[Event "EU-ch U16"]
[Site "Szombathely"]
[Date "1993.??.??"]
[Round "7"]
[White "Gyimesi, Zoltan"]
[Black "Szuk, Balazs"]
[Result "1/2-1/2"]
[WhiteElo "2395"]
[BlackElo "2315"]

1.d4 Nf6 2.c4 g6 3.Nc3 Bg7 4.e4 d6 5.Be2 O-O 6.Nf3 e5 7.O-O Nc6 8.d5 Ne7
9.Ne1 Nd7 10.Nd3 f5 11.Bd2 Nb6 12.Qb3 fxe4 13.Nxe4 Nf5 14.Bc3 Kh8 15.a4 Nd4
16.Bxd4 exd4 17.f4 Bf5 18.Bf3 Rb8 19.Rf2 Nd7 20.Re1 c6 21.Rfe2 cxd5 22.cxd5 Bxe4
23.Bxe4 b5 24.Qa3 Nc5 25.axb5 Qb6 26.Bf3 Qxb5 27.Nxc5 Qxc5 28.Qd3 Rxf4 29.Kh1 Rff8
30.Be4 Qb5 31.Qd2 a5 32.g3 a4 33.Ra1 Rfe8 34.Qd1 Re7  1/2-1/2

[Event "EU-ch U18"]
[Site "Vejen"]
[Date "1993.??.??"]
[Round "2"]
[White "Fyllingen, Roy Harald"]
[Black "Hebesberger, Thomas"]
[Result "1-0"]
[WhiteElo "2330"]
[BlackElo "2175"]

1.d4 Nf6 2.c4 g6 3.Nc3 Bg7 4.e4 d6 5.Be2 O-O 6.Nf3 e5 7.O-O Nc6 8.d5 Ne7
9.Ne1 Nd7 10.g4 a5 11.Rb1 f5 12.f3 Kh8 13.Bg5 Bf6 14.Be3 Ng8 15.Nd3 f4 16.Bf2 Bh4
17.Bxh4 Qxh4 18.Nb5 Qd8 19.c5 Nxc5 20.Nxc5 dxc5 21.Qc2 b6 22.Qc3 Qe7 23.Na3 Nf6
24.Bb5 Ba6 25.Bxa6 Rxa6 26.Nc4 Nd7 27.a4 Qf6 28.Rbd1 Raa8 29.Na3 h5 30.Nb5 Rf7
31.Nxc7 Rg8 32.Ne6 hxg4 33.fxg4 g5 34.Rd3 Rg6 35.Rh3+ Kg8 36.Rff3 Nf8 37.Qd3 Re7
38.Nxf8 Kxf8 39.Rh5 Rh6 40.Rxh6 Qxh6 41.Rh3 Qf6 42.Qa6 c4 43.Qxc4 Rg7 44.Qc8+ Kf7
45.Rh8 Kg6 46.d6 f3 47.Rh6+  1-0

[Event "EU-ch U18"]
[Site "Vejen"]
[Date "1993.??.??"]
[Round "2"]
[White "Kiriakov, Petr"]
[Black "Maiwald, Jens Uwe"]
[Result "1/2-1/2"]
[WhiteElo "2385"]
[BlackElo "2430"]

1.d4 Nf6 2.c4 g6 3.Nc3 Bg7 4.e4 d6 5.Nf3 O-O 6.Be2 e5 7.O-O Nc6 8.d5 Ne7
9.Ne1 Nd7 10.Be3 f5 11.f3 f4 12.Bf2 g5 13.a4 Ng6 14.a5 h5 15.Nb5 Nf6 16.Nxa7 g4
17.Nxc8 g3 18.hxg3 fxg3 19.Bxg3 h4 20.Bh2 Nf4 21.Bxf4 exf4 22.e5 Nh5 23.Qd3 Ng3
24.Rf2 Rxc8 25.Qg6 dxe5 26.Bd3 Rf6 27.Qg4 Ra8 28.b4 Qe8 29.Raa2 h3 30.Kh2 hxg2
31.Rxg2 e4 32.fxe4 Rh6+ 33.Kg1 Rh1+ 34.Kf2 Qxe4 35.Qe6+ Qxe6 36.dxe6 Bd4+
37.Kf3 Rxe1 38.Kxf4 Be5+ 39.Kg5 Re3 40.Bg6 Rf8 41.Raf2 Bd6 42.Bf7+ Kg7 43.c5 Be7+
44.Kg4 Rh8 45.Rf3 Rxf3 46.Kxf3 Bh4 47.Kg4 Kf6 48.c6 bxc6 49.Rf2+ Ke5 50.Rc2 Ne4
51.Rxc6 Be7 52.Rxc7  1/2-1/2

[Event "EU-ch U18"]
[Site "Vejen"]
[Date "1993.??.??"]
[Round "7"]
[White "Lassila, Erkki"]
[Black "Huberty, Marc"]
[Result "1-0"]
[WhiteElo "2115"]
[BlackElo "2130"]

1.d4 Nf6 2.c4 g6 3.Nc3 Bg7 4.e4 d6 5.Nf3 O-O 6.Be2 e5 7.O-O Nc6 8.d5 Ne7
9.Ne1 Nd7 10.Nd3 f5 11.Bd2 Nf6 12.f3 f4 13.c5 g5 14.cxd6 cxd6 15.Nf2 Ng6
16.Qc2 Ne8 17.Rfc1 Rf7 18.a4 h5 19.h3 Bf8 20.Ra3 Nh4 21.Nb5 a6 22.Rc3 Bxh3
23.gxh3 axb5 24.Rc8 Rxc8 25.Qxc8 Qxc8 26.Rxc8 Nc7 27.Ba5 Na6 28.axb5 Nc5
29.Bd1 Kg7 30.Rb8 b6 31.Rxb6 Rb7 32.b4 Rxb6 33.Bxb6 Nb7 34.Bc7 Kf7 35.b6 Ke7
36.Ba4 Nxf3+ 37.Kh1 Nd4 38.Bc6 Nd8 39.b5 Bh6 40.Kg2 Bg7 41.Kf1 Bf6 42.b7 Nxb7
43.Bxb7 Nxb5 44.Bb6 Nd4 45.Bc8 Ke8 46.Bc7 Nb5 47.Bb8 Kd8 48.Ba6 Nc7 49.Be2  1-0

[Event "EU-ch U18"]
[Site "Vejen"]
[Date "1993.??.??"]
[Round "9"]
[White "Tratar, Marko"]
[Black "Antonsen, Mikkel"]
[Result "0-1"]
[WhiteElo "2290"]
[BlackElo "2385"]

1.d4 Nf6 2.Nf3 g6 3.c4 Bg7 4.Nc3 d6 5.e4 O-O 6.Be2 e5 7.O-O Nc6 8.d5 Ne7
9.Nd2 c6 10.a3 cxd5 11.cxd5 Ne8 12.Nc4 f5 13.exf5 Nxf5 14.a4 Nd4 15.Bd3 Bf5
16.Be3 Qh4 17.g3 Qh3 18.Bxd4 Nf6 19.Bxf5 gxf5 20.Qf3 exd4 21.Ne2 Ng4 22.Qg2 Qxg2+
23.Kxg2 Rac8 24.Rac1 Bh6 25.Nxd6 Rcd8 26.Nxb7 Rxd5 27.Rc5 Rd7 28.Na5 Re8
29.Nf4 Bxf4 30.gxf4 Rg7 31.Kh3 Nxf2+  0-1

[Event "NOR-chT"]
[Site "Vettre"]
[Date "1993.??.??"]
[Round "2"]
[White "Gausel, Einar"]
[Black "Gullaksen, Eirik T"]
[Result "1/2-1/2"]
[WhiteElo "2485"]
[BlackElo "2400"]

1.c4 g6 2.Nc3 Bg7 3.d4 Nf6 4.e4 d6 5.Be2 O-O 6.Nf3 e5 7.O-O Nc6 8.d5 Ne7
9.Nd2 a5 10.Rb1 c5 11.a3 Ne8 12.b4 axb4 13.axb4 b6 14.bxc5 bxc5 15.Nb3 f5
16.Bg5 h6 17.Bxe7 Qxe7 18.Ra1 Rxa1 19.Qxa1 Nf6 20.exf5 Bxf5 21.Qa6 e4 22.Nb5 Ne8
23.Na5 e3 24.f3 Qe5 25.Nc6 Qb2 26.Ne7+ Kh7 27.Nxf5 gxf5 28.Re1 Be5 29.Qa3 Qxa3
30.Nxa3 f4 31.Rb1 Rf7 32.Rb8 Ra7 33.Nc2 Nc7 34.g3 Na6 35.Re8 Nb4 36.gxf4 Bd4
37.Nxb4 cxb4 38.Rb8 Ra1+ 39.Kg2 Ra2 40.Kf1 Ra1+ 41.Kg2 Bc5 42.f5 Kg7 43.f4 Rb1
44.Rb7+ Kf8 45.Rb8+  1/2-1/2

[Event "NOR-chT"]
[Site "Vettre"]
[Date "1993.??.??"]
[Round "5"]
[White "Henriksen, Geir"]
[Black "Gullaksen, Eirik T"]
[Result "1-0"]
[WhiteElo "2250"]
[BlackElo "2400"]

1.d4 Nf6 2.c4 g6 3.Nc3 Bg7 4.e4 d6 5.Nf3 O-O 6.Be2 e5 7.O-O Nc6 8.d5 Ne7
9.Ne1 Nd7 10.Nd3 f5 11.Bd2 Nf6 12.f3 f4 13.c5 g5 14.Rc1 h5 15.cxd6 cxd6 16.Nb5 Ne8
17.a4 Ng6 18.Nf2 Rf7 19.Qb3 Bf8 20.Rc2 Rg7 21.h3 Nh4 22.Rfc1 g4 23.fxg4 Nf6
24.Nc7 Nxg4 25.Bxg4 hxg4 26.hxg4 Bxg4 27.Nxg4 Rxg4 28.Be1 Rc8 29.Ne6 Rxc2
30.Rxc2 Qf6 31.Qh3 Qg6 32.Bxh4 Qh5 33.Rc8 Rxh4 34.Rxf8+ Kh7 35.Qf5+  1-0

[Event "Vinkovci"]
[Site "Vinkovci"]
[Date "1993.??.??"]
[Round "9"]
[White "Farago, Ivan"]
[Black "Cvitan, Ognjen"]
[Result "1/2-1/2"]
[WhiteElo "2540"]
[BlackElo "2550"]

1.d4 Nf6 2.c4 g6 3.Nc3 Bg7 4.e4 d6 5.Be2 O-O 6.Nf3 e5 7.O-O Nc6 8.Be3 Ng4
9.Bg5 f6 10.Bc1 Nh6 11.d5  1/2-1/2

[Event "Voskresensk"]
[Site "Voskresensk"]
[Date "1993.??.??"]
[Round "?"]
[White "Danielian, Oganes"]
[Black "Zaitsev, Igor A"]
[Result "1/2-1/2"]
[WhiteElo "2460"]
[BlackElo "2415"]

1.d4 Nf6 2.c4 g6 3.Nc3 Bg7 4.e4 d6 5.Nf3 O-O 6.Be2 e5 7.O-O Nc6 8.d5 Ne7
9.Nd2 a5 10.Rb1 Bd7 11.b3 Ne8 12.a3 f5 13.b4 b6 14.f3 Kh8 15.c5 axb4 16.axb4 bxc5
17.bxc5 c6 18.Nc4 cxd5 19.Nxd5 Ba4 20.Qd3 fxe4 21.fxe4 Rxf1+ 22.Bxf1 Nxd5
23.Qxd5 dxc5 24.Bb2 Qxd5 25.exd5 Bb3 26.Bxe5 Bxc4 27.Bxg7+ Kxg7 28.Bxc4 Nd6
29.Bf1 Kf6 30.Re1 Re8 31.Rc1 Rc8 32.Re1  1/2-1/2

[Event "Voskresensk"]
[Site "Voskresensk"]
[Date "1993.??.??"]
[Round "?"]
[White "Gleizerov, Evgeny"]
[Black "Nadyrhanov, S."]
[Result "1-0"]
[WhiteElo "2525"]
[BlackElo "2460"]

1.d4 Nf6 2.c4 g6 3.Nc3 Bg7 4.e4 d6 5.Nf3 O-O 6.Be2 e5 7.O-O Nc6 8.d5 Ne7
9.Nd2 c5 10.dxc6 bxc6 11.b4 d5 12.Ba3 Re8 13.b5 Be6 14.bxc6 dxe4 15.Ndxe4 Nxe4
16.Nxe4 Nf5 17.Nd6 Nxd6 18.Bxd6 Qg5 19.Qc1 Qh4 20.c7 Bg4 21.Bxg4 Qxg4 22.Rb1 Rac8
23.Rb8 e4 24.c5 Bd4 25.Rxc8 Qxc8 26.Qc4 Bf6 27.Rb1 e3 28.fxe3 Kg7 29.Rb8 Qd7
30.Qb5  1-0

[Event "Voskresensk"]
[Site "Voskresensk"]
[Date "1993.??.??"]
[Round "?"]
[White "Nalbandian, Tigran"]
[Black "Zaitsev, Igor A"]
[Result "1-0"]
[WhiteElo "2485"]
[BlackElo "2415"]

1.d4 Nf6 2.c4 g6 3.Nc3 Bg7 4.e4 d6 5.Nf3 O-O 6.Be2 e5 7.O-O Nc6 8.d5 Ne7
9.Nd2 a5 10.a3 Bd7 11.b3 Ne8 12.Rb1 f5 13.b4 axb4 14.axb4 Nf6 15.c5 Kh8 16.f3 Nc8
17.Nc4 Nh5 18.g3 Qe7 19.Kh1 Nf6 20.Bd2 f4 21.g4 h5 22.cxd6 Nxd6 23.Nxd6 cxd6
24.g5 Nh7 25.h4 Rfc8 26.b5 Nf8 27.Na4 Qd8 28.Qb3 Ra7 29.Rfc1 Rca8 30.Rc4 Be8
31.Be1 Nd7 32.b6 Ra6 33.Bf2 Bf8 34.Rbc1 Qe7 35.Bd1 Kh7 36.Rc7 Rxa4 37.Qxa4 Rxa4
38.Bxa4 Qd8 39.Rc8 Qe7 40.R1c7 Bg7 41.Rxb7  1-0

[Event "Voskresensk2"]
[Site "Voskresensk"]
[Date "1993.??.??"]
[Round "?"]
[White "Belov, Igor"]
[Black "Gadjilu, Rauf"]
[Result "1-0"]
[WhiteElo "2445"]
[BlackElo "2335"]

1.Nf3 Nf6 2.c4 g6 3.Nc3 Bg7 4.e4 d6 5.d4 O-O 6.Be2 e5 7.O-O Nc6 8.d5 Ne7
9.Bg5 h6 10.Bxf6 Bxf6 11.b4 Kg7 12.c5 Ng8 13.cxd6 cxd6 14.a4 Be7 15.a5 f5
16.Nd2 Nf6 17.a6 bxa6 18.exf5 Bxf5 19.Rxa6 Bc8 20.Ra3 Qb6 21.Rb3 Bb7 22.Nc4 Qd4
23.Ne3 Bd8 24.Nb5 Qxd1 25.Rxd1 Bb6 26.Nxd6 Bxd5 27.Nxd5 Nxd5 28.Bf3 e4 29.Nxe4 Rad8
30.Nc5 Nc7 31.Rbd3 Rxd3 32.Rxd3 Rf4 33.Rd7+ Kg8 34.Nd3 Rd4 35.Rxd4 Bxd4 36.Bd1 a5
37.Bb3+ Kg7 38.bxa5 Bc3 39.f4 Bxa5 40.Kf2 g5 41.fxg5 hxg5 42.Kf3 Ne8 43.Kg4 Bc7
44.h3 Kg6 45.Nc5 Nf6+ 46.Kf3 Bd6 47.Ne6 Nd7 48.Bc2+ Kf6 49.Nd4 Ne5+ 50.Ke4 Ng6
51.Kd5 Bg3 52.Bxg6 Kxg6 53.Ne2 Bc7 54.g4 Ba5 55.Ke6 Bd2 56.Nd4 Be3 57.Nc6 Bd2
58.Ne5+ Kg7 59.Kf5 Bc1 60.Nc4 Kf7 61.Ne5+ Kg7 62.Nf3 Kh6 63.Kf6 Bb2+ 64.Ne5 Bc3
65.Kf5  1-0

[Event "Warsaw op"]
[Site "Warsaw"]
[Date "1993.??.??"]
[Round "7"]
[White "Ehrenfeucht, Wojciech"]
[Black "Kaminski, Marcin"]
[Result "1/2-1/2"]
[WhiteElo "2310"]
[BlackElo "2395"]

1.Nf3 Nf6 2.c4 g6 3.Nc3 Bg7 4.e4 d6 5.Be2 O-O 6.O-O e5 7.d4 Nc6 8.d5 Ne7
9.b4 Nh5 10.g3 f5 11.Ng5 Nf6 12.f3 f4 13.Rb1 Kh8 14.c5 h6 15.Ne6 Bxe6 16.dxe6 d5
17.exd5 Nfxd5 18.Nxd5 Nxd5 19.Bc4 c6 20.Qb3 Re8 21.Rd1 Qf6 22.Bxd5 cxd5 23.Rxd5 fxg3
24.hxg3 Qxe6 25.Qd3 g5 26.Kg2 g4 27.Bb2 gxf3+  1/2-1/2

[Event "Wattens op"]
[Site "Wattens"]
[Date "1993.??.??"]
[Round "?"]
[White "Moritz, Christian"]
[Black "Buchholz, Karl"]
[Result "1-0"]
[WhiteElo "2005"]
[BlackElo "1785"]

1.d4 Nf6 2.c4 g6 3.Nc3 Bg7 4.e4 d6 5.Be2 O-O 6.Nf3 e5 7.O-O Nc6 8.d5 Ne7
9.Ne1 Ne8 10.f3 f5 11.g4 fxg4 12.fxg4 Rxf1+ 13.Kxf1 a5 14.Be3 Bd7 15.b3 h6
16.h4 c6 17.a3 Rb8 18.b4 b6 19.Rb1 axb4 20.Rxb4 Nc8 21.Ng2 Ra8 22.dxc6 Bxc6
23.Qb3 Kh7 24.Nd5 Bxd5 25.cxd5 Nf6 26.Bg1 Nd7 27.Qf3 Qf8 28.Qxf8 Bxf8 29.a4 Nc5
30.Bb5 Na7 31.Bc6 Nxc6 32.dxc6 Nxa4 33.Bxb6 Nxb6 34.Rxb6 Rc8 35.Ne3 Kg8 36.Nd5 Kf7
37.Rb7+ Ke6 38.c7 Kd7 39.Rb8  1-0

[Event "Werfen"]
[Site "Werfen"]
[Date "1993.??.??"]
[Round "4"]
[White "Hardicsay, Peter"]
[Black "Basagic, Zlatko"]
[Result "0-1"]
[WhiteElo "2360"]
[BlackElo "2415"]

1.d4 Nf6 2.c4 g6 3.Nc3 Bg7 4.e4 d6 5.Be2 O-O 6.Nf3 Bg4 7.Ng1 Bc8 8.Nf3 e5
9.O-O Nc6 10.Be3 Ng4 11.Bg5 Bf6 12.Bxf6 Nxf6 13.d5 Ne7 14.Qd2 Nh5 15.g3 Ng7
16.Rac1 Kh8 17.Nh4 Bh3 18.Ng2 Ng8 19.f4 Qe7 20.Rce1 Rae8 21.Bf3 Qd7 22.Rf2 f5
23.fxe5 dxe5 24.c5 Nf6 25.Rfe2 fxe4 26.Bxe4 Nxe4 27.Rxe4 Qf7 28.g4 Qf3 29.Qe2 Qf6
30.Nd1 h5 31.Nf2 hxg4 32.Nxh3 gxh3 33.Rh4+ Kg8 34.Rxh3 Nf5 35.Rf1 Qg5 36.Qc4 Kg7
37.d6 cxd6 38.cxd6 Nxd6 39.Qc7+ Qe7 40.Qxe7+ Rxe7 41.Rxf8 Kxf8 42.Ne3 Kg7
43.Nd5 Rd7 44.Rh7+ Kxh7 45.Nf6+ Kh6 46.Nxd7 e4 47.Kf2 Kg5 48.Ke3 Kf5 49.b3 g5
50.h3 b6 51.a4 Nb7 52.b4 Nd6 53.Nb8 Nc4+ 54.Ke2 a5 55.bxa5 bxa5 56.Nc6 Kf4
57.Nd4 Ke5 58.Nb5 Nd6 59.Nc7 Nf5 60.Kd2 Kd6 61.Nb5+ Kc5 62.Nc7 Kb4 63.Ne6 e3+
64.Kd3 Kxa4 65.Nxg5 Kb4 66.Ne4 a4 67.Nc3 a3 68.h4 e2 69.Nxe2 a2 70.Nd4 Nxd4  0-1

[Event "Wohlen op"]
[Site "Wohlen"]
[Date "1993.??.??"]
[Round "8"]
[White "Zueger, Beat"]
[Black "Chiong, Luiz"]
[Result "1-0"]
[WhiteElo "2415"]
[BlackElo "2395"]

1.d4 Nf6 2.c4 g6 3.Nc3 Bg7 4.e4 d6 5.Nf3 O-O 6.Be2 e5 7.O-O Nc6 8.d5 Ne7
9.Ne1 Nd7 10.Be3 f5 11.f3 f4 12.Bf2 g5 13.a4 Ng6 14.a5 h5 15.Nb5 Nf6 16.Nxa7 Bd7
17.c5 dxc5 18.Bxc5 g4 19.Qb3 Kh8 20.a6 b6 21.Nc6 Qe8 22.Bxf8 Bxf8 23.Nd3 Bd6
24.Qc3 g3 25.Rfc1 Kh7 26.h3 Kh6 27.Kf1 Nh7 28.Ke1 Ng5 29.Kd1 Nh4 30.Bf1 Bxh3
31.gxh3 g2 32.Bxg2 Nxg2 33.Ndxe5 Ne3+ 34.Ke2 b5 35.h4 Nh7 36.b4 Qc8 37.Rg1 Ng4
38.fxg4  1-0

[Event "Oberliga Wuert9293"]
[Site "Wuerttemberg"]
[Date "1993.??.??"]
[Round "?"]
[White "Fochtler, Ekkehard"]
[Black "Gabriel, Josef"]
[Result "1-0"]
[WhiteElo "2280"]
[BlackElo "2240"]

1.Nf3 Nf6 2.c4 g6 3.Nc3 Bg7 4.d4 O-O 5.e4 d6 6.Be2 e5 7.O-O Nc6 8.Be3 Ng4
9.Bg5 f6 10.Bh4 exd4 11.Nxd4 Nge5 12.f4 Nxd4 13.Qxd4 Nc6 14.Qd2 Qe8 15.Nd5 Rf7
16.f5 g5 17.Bh5 Qxe4 18.Bxf7+ Kxf7 19.Nxc7 Rb8 20.Bg3 Bxf5 21.Qd5+ Kg6 22.Bxd6 Qe3+
23.Rf2 Be4 24.Qd2 Qxd2 25.Rxd2 Rc8 26.Ne6 Na5 27.b3 Bh6 28.Re1 f5 29.Nc5 Bc6
30.Re6+ Kh5 31.h3 Bg7 32.Be5 Bf8 33.Nd7 Bb4 34.Nf6+ Kh4 35.g3+  1-0

[Event "Oberliga Wuert9293"]
[Site "Wuerttemberg"]
[Date "1993.??.??"]
[Round "?"]
[White "Kindl, Peter"]
[Black "Gazik, Igor"]
[Result "1-0"]
[WhiteElo "2335"]
[BlackElo "2425"]

1.d4 Nf6 2.Nf3 g6 3.c4 Bg7 4.Nc3 O-O 5.e4 d6 6.Be2 e5 7.O-O Nc6 8.d5 Ne7
9.b4 Nh5 10.c5 Nf4 11.Bxf4 exf4 12.Rc1 h6 13.Nd2 g5 14.Nc4 Ng6 15.Bg4 Ne5
16.Nxe5 Bxe5 17.Bxc8 Rxc8 18.Nb5 Qf6 19.c6 bxc6 20.Rxc6 Rb8 21.a4 Qg6 22.f3 g4
23.Kh1 Kh8 24.Rc4 Rg8 25.Nxa7 Qf6 26.Nc6 Ra8 27.a5 Rg7 28.b5 Qh4 29.Rc2 Rag8
30.b6 cxb6 31.axb6 f6 32.Qe1 Qh5 33.Qb1 gxf3 34.gxf3 Qh3 35.Rff2 Rb7 36.Na5 Rbg7
37.b7 Rb8 38.Qf1 Qd7 39.Rg2 Rxg2 40.Qxg2 Qb5 41.Rc8+  1-0

[Event "Zagreb Vukovar"]
[Site "Zagreb"]
[Date "1993.??.??"]
[Round "3"]
[White "Cebalo, Miso"]
[Black "Mohr, Georg"]
[Result "1-0"]
[WhiteElo "2485"]
[BlackElo "2435"]

1.d4 Nf6 2.Nf3 g6 3.c4 Bg7 4.Nc3 O-O 5.e4 d6 6.Be2 e5 7.O-O Nc6 8.Be3 Ng4
9.Bg5 f6 10.Bc1 Nh6 11.dxe5 Nxe5 12.Nd4 c5 13.Bxh6 Bxh6 14.Ndb5 Nf7 15.Nd5 Ng5
16.Ndc7 Rb8 17.f4 a6 18.fxg5 Bxg5 19.Bg4 axb5 20.Nxb5 Bxg4 21.Qxg4 Qe7 22.Rad1 Rbd8
23.Rd3 h5 24.Qg3 Qxe4 25.Nxd6 Qe5 26.Qxe5 fxe5 27.Rxf8+ Kxf8 28.Rd5 Be3+
29.Kf1 b6 30.Nb5 Rxd5 31.cxd5 Bd4 32.b3 Ke7 33.a4 Kd7 34.Ke2 Bg1 35.h3 e4
36.Na3 Kd6 37.Nc4+ Kxd5 38.Nxb6+ Kc6 39.Nc4 Bd4 40.Nd2 Kd5 41.a5 Kc6 42.Nxe4 Kb5
43.Kd3 Bg1 44.Nc3+ Kxa5 45.Kc4 g5 46.Na4 g4 47.hxg4 hxg4 48.Nxc5 Bf2 49.Nd3 Be3
50.Kd5 Kb5 51.Ke4 Bd2 52.Kf5 Kc6 53.Kxg4 Kd5 54.Kf5 Kd4 55.Nf2 Be1 56.Ne4 Bh4
57.g4 Be7 58.Nf6 Bf8 59.g5 Kc3 60.Ke6  1-0

[Event "Zaragoza op"]
[Site "Zaragoza"]
[Date "1993.??.??"]
[Round "?"]
[White "Veingold, Aleksandr"]
[Black "Markzon, Gregory"]
[Result "1-0"]
[WhiteElo "2465"]
[BlackElo "2290"]

1.d4 Nf6 2.Nf3 g6 3.c4 Bg7 4.Nc3 O-O 5.e4 d6 6.Be2 e5 7.O-O Nc6 8.d5 Ne7
9.b4 Nh5 10.g3 f5 11.Ng5 Nf6 12.f3 h6 13.Ne6 Bxe6 14.dxe6 f4 15.c5 a5 16.cxd6 cxd6
17.b5 Rc8 18.Qb3 a4 19.Nxa4 d5 20.Ba3 fxg3 21.hxg3 d4 22.Kg2 h5 23.Rac1 Rxc1
24.Bxc1 Kh7 25.Nc5 Qb6 26.Nd3 Rc8 27.Bd2 Ne8 28.a4 Nc7 29.Bb4 Ng8 30.Nc5 Ne8
31.Qd5 Ngf6 32.Qxb7 Qxb7 33.Nxb7 Rc2 34.Rf2 h4 35.Bd3 Rc7 36.Nd6 Nxd6 37.Bxd6 Rc3
38.b6 Rb3 39.Bb5  1-0

[Event "Zaragoza op"]
[Site "Zaragoza"]
[Date "1993.??.??"]
[Round "?"]
[White "Ulibin, Mikhail"]
[Black "Gallego, Victoriano"]
[Result "1-0"]
[WhiteElo "2560"]
[BlackElo "2365"]

1.d4 Nf6 2.c4 g6 3.Nc3 Bg7 4.e4 d6 5.Nf3 O-O 6.Be2 e5 7.O-O Nc6 8.d5 Ne7
9.Nd2 a5 10.a3 Nd7 11.Rb1 f5 12.b4 Kh8 13.Qc2 Ng8 14.exf5 gxf5 15.f4 Ne7
16.Nf3 e4 17.Ne1 Nf6 18.Be3 axb4 19.axb4 c6 20.dxc6 bxc6 21.Qd2 d5 22.c5 Ne8
23.Nc2 Nc7 24.Bd4 Ne6 25.Bxg7+ Kxg7 26.Nd4 Qd7 27.Kh1 Ng6 28.b5 Nxc5 29.bxc6 Qd8
30.Rb5 Na6 31.Nxd5 Nc7 32.Nxc7 Qxc7 33.Rb7  1-0

[Event "Zouberi zt"]
[Site "Zouberi"]
[Date "1993.??.??"]
[Round "5"]
[White "Grivas, Efstratios"]
[Black "Arduman, Can"]
[Result "0-1"]
[WhiteElo "2485"]
[BlackElo "2390"]

1.d4 Nf6 2.c4 g6 3.Nc3 Bg7 4.e4 d6 5.Nf3 O-O 6.Be2 e5 7.O-O Nc6 8.d5 Ne7
9.Bg5 h6 10.Bxf6 Bxf6 11.b4 Bg7 12.c5 f5 13.Nd2 fxe4 14.Ndxe4 Nf5 15.Rc1 h5
16.cxd6 cxd6 17.Nb5 Bh6 18.Rc3 Rf7 19.Bxh5 gxh5 20.Qxh5 a6 21.Nbxd6 Nxd6
22.Qxh6 Nxe4 23.Qg6+ Rg7 24.Qxe4 Qd6 25.f4 exf4 26.Qe8+ Qf8 27.Qe5 Bd7 28.Rxf4 Qe8
29.Qd4 Rc8 30.Re4 Qg6 31.Rg3 Rc1+ 32.Kf2 Qf5+ 33.Rf3 Rc2+ 34.Ke1 Qg5 35.Ref4 Qe7+
36.Re3 Qd6 37.g3 Rxh2 38.Rf6 Qb8 39.d6 Qc8 40.Rc3 Qe8+ 41.Re3 Qc8 42.Rc3 Qe8+
43.Re3 Qh5 44.Qc4+ Kh8 45.Rf8+ Kh7 46.Qd3+ Qg6 47.Qxg6+ Kxg6 48.a3 Rh5 49.Kd2 Rd5+
50.Rd3 Rxd3+ 51.Kxd3 Rf7 52.Rb8 Bc6 53.Kc4 Kf6 54.Kc5 Ke6 55.Kb6 Kxd6 56.a4 Rf3
57.Rd8+ Ke5 58.Rg8 Rb3 59.Rg4 Be4 60.b5 axb5 61.axb5 Rf3  0-1

[Event "Zuerich op"]
[Site "Zuerich"]
[Date "1993.??.??"]
[Round "?"]
[White "Mikavica, Mirko"]
[Black "Borner, Daniel"]
[Result "1-0"]
[WhiteElo "2225"]
[BlackElo "2285"]

1.d4 Nf6 2.c4 g6 3.Nc3 Bg7 4.e4 O-O 5.Nf3 d6 6.Be2 e5 7.O-O Nc6 8.d5 Ne7
9.Bg5 Be6 10.Bd2 Nh5 11.g3 Bh3 12.Re1 f5 13.Nh4 Nf6 14.exf5 g5 15.Ng6 Nxg6
16.fxg6 Bf5 17.Bf3 g4 18.Be4 Nxe4 19.Nxe4 Qe8 20.Qe2 Qxg6 21.Rac1 b6 22.b4 Rf7
23.Rc2 Raf8 24.Bc1 h5 25.c5 bxc5 26.bxc5 Rb8 27.cxd6 cxd6 28.Rc6 Bf8 29.Ba3 Bxe4
30.Qxe4 Qxe4 31.Rxe4 Rf3 32.Rb4 Rd8 33.Rb3 e4 34.Re3 Rxe3 35.fxe3 Bh6 36.Kf2 Rf8+
37.Ke2 Rf3 38.Bc1 h4 39.Rxd6 hxg3 40.hxg3 Kh7 41.Re6 Rxg3 42.Rxe4 Rg2+ 43.Kd3 Kg6
44.d6 Kh5 45.d7 Bg5 46.Re8  1-0

[Event "Zuerich op"]
[Site "Zuerich"]
[Date "1993.??.??"]
[Round "?"]
[White "Nemet, Ivan"]
[Black "Georg, Michel"]
[Result "1-0"]
[WhiteElo "2410"]
[BlackElo "2225"]

1.d4 Nf6 2.c4 g6 3.Nc3 Bg7 4.e4 d6 5.Nf3 O-O 6.Be2 e5 7.O-O Nc6 8.d5 Ne7
9.Nd2 a5 10.b3 Nd7 11.Ba3 b6 12.b4 axb4 13.Bxb4 f5 14.a4 Nf6 15.Bd3 Bd7 16.Re1 h5
17.a5 bxa5 18.Bxa5 Ng4 19.f3 Qb8 20.Nb3 Nf6 21.c5 fxe4 22.Nxe4 Nxe4 23.fxe4 Bh6
24.Qc2 Bb5 25.Bd2 Bxd3 26.Qxd3 Bxd2 27.Rxa8 Qxa8 28.Nxd2 Qa5 29.Rc1 Kg7 30.Nf3 Rf6
31.h3 Ng8 32.Ng5 Nh6 33.Ne6+ Kg8 34.Rf1 Rf7 35.Rxf7 Nxf7 36.Qg3 g5 37.c6 Qa1+
38.Kh2 Qc1 39.Qf2 g4 40.Qf6 Qh6 41.Qxh6 Nxh6 42.Nxc7  1-0

[Event "Zuerich op"]
[Site "Zuerich"]
[Date "1993.??.??"]
[Round "?"]
[White "Zueger, Beat"]
[Black "Meier, T."]
[Result "1-0"]
[WhiteElo "2395"]
[BlackElo "2270"]

1.c4 Nf6 2.Nf3 g6 3.Nc3 Bg7 4.e4 d6 5.d4 O-O 6.Be2 e5 7.O-O Nc6 8.d5 Ne7
9.Ne1 Nd7 10.Be3 f5 11.f3 f4 12.Bf2 Nf6 13.c5 g5 14.Rc1 Ng6 15.cxd6 cxd6
16.Nb5 Ne8 17.Nxa7 Bd7 18.Qb3 Rb8 19.Qb6 Qe7 20.Bb5 g4 21.Bxd7 Qxd7 22.Qb5 Qe7
23.Nc6 bxc6 24.Qxb8 cxd5 25.Qb3 g3 26.hxg3 fxg3 27.Bxg3 Qg5 28.f4 exf4 29.Bf2 Ne5
30.Rc3 Kh8 31.exd5 Nf6 32.Nf3 Nxf3+ 33.Rxf3 Ng4 34.Bb6 Ne5 35.Rh3 f3 36.Qc2 h6
37.Bd4 f2+ 38.Rxf2 Nf3+ 39.Rhxf3 Rxf3 40.Bxg7+  1-0

[Event "BRA-ch"]
[Site "Brasilia"]
[Date "1994.01.??"]
[Round "5"]
[White "Vescovi, Giovanni"]
[Black "Leitao, Rafael"]
[Result "1-0"]
[WhiteElo "2430"]
[BlackElo "2315"]

1.d4 Nf6 2.c4 g6 3.Nc3 Bg7 4.Nf3 O-O 5.e4 d6 6.Be2 e5 7.O-O Nc6 8.d5 Ne7
9.Ne1 Nd7 10.Nd3 f5 11.Bd2 Nf6 12.f3 f4 13.g4 h5 14.g5 Nh7 15.h4 Nxg5 16.hxg5 Nf5
17.Rf2 Qxg5+ 18.Rg2 Ng3 19.Nf2 Qf6 20.Bd3 g5 21.Rc1 Rf7 22.Ne2 Nxe2+ 23.Bxe2 Bf8
24.Rc3 Bd7 25.Qb3 b6 26.Qa3 Rg7 27.Bd1 Rg6 28.Ba4 Qg7 29.Bxd7 Qxd7 30.Kf1 g4
31.fxg4 hxg4 32.Rh3 Rg7 33.Rh6 g3 34.Qf3 Rh7 35.Rxh7 Qxh7 36.Bxf4 exf4 37.Qxf4 Bg7
38.Rxg3 Qh5 39.Ng4 Qh1+ 40.Rg1 Qh3+ 41.Ke1 Kh8 42.Nf2 Qd7 43.Qh4+ Kg8 44.Ng4 Kf8
45.Rf1+ Ke8 46.Qh5+ Kd8 47.Rf7 Qe8 48.Qg5+ Kc8 49.Re7 Qa4 50.Qxg7  1-0

[Event "Aarhus op"]
[Site "Aarhus"]
[Date "1994.??.??"]
[Round "3"]
[White "Henrichsen, Jens"]
[Black "Davey, Mark"]
[Result "1/2-1/2"]
[WhiteElo "2150"]
[BlackElo "2035"]

1.d4 Nf6 2.c4 g6 3.Nc3 Bg7 4.e4 O-O 5.Be2 d6 6.Nf3 Nc6 7.O-O e5 8.d5 Ne7
9.b4 a5 10.bxa5 Rxa5 11.a4 b6 12.Nd2 Nd7 13.Nb3 Ra8 14.Bd2 f5 15.f3 f4 16.Qc2 g5
17.a5 bxa5 18.Nxa5 Ba6 19.Ra2 Nb6 20.Nb5 Nd7 21.Nb3 c6 22.dxc6 Qb6+ 23.Kh1 Nxc6
24.Nxd6 Nb4 25.Bxb4 Qxb4 26.Nf5 Nc5 27.Ne7+ Kh8 28.Nxc5 Qxc5 29.Nd5 Rfc8
30.Rfa1 Bb7 31.Rxa8 Bxa8 32.Qd1 Bf8 33.Qg1 Qxg1+ 34.Kxg1 Bc5+ 35.Kf1 Bd4
36.Rb1 Kg7 37.Ne7 Rd8 38.Nf5+ Kf6 39.Nxd4 Rxd4 40.Rd1 Rxd1+ 41.Bxd1 Ke6 42.c5 Bc6
43.Bb3+ Kd7 44.Bd5 Bb5+ 45.Kf2 Kc7 46.g3 Bd7 47.gxf4 gxf4 48.Kg2 h6 49.h4 Bc8
50.Kh2  1/2-1/2

[Event "Acasusso Valle op"]
[Site "Acasusso"]
[Date "1994.??.??"]
[Round "4"]
[White "Garcia, Raimundo"]
[Black "Seminara, Juan Pablo"]
[Result "1-0"]
[WhiteElo "2395"]
[BlackElo "2170"]

1.d4 Nf6 2.Nf3 g6 3.c4 Bg7 4.Nc3 O-O 5.e4 d6 6.Be2 e5 7.O-O Nc6 8.d5 Ne7
9.Nd2 Nd7 10.b4 f5 11.c5 Nf6 12.f3 f4 13.Nc4 g5 14.Ba3 Ne8 15.b5 Rf6 16.b6 axb6
17.cxd6 Nxd6 18.Bxd6 cxd6 19.Qb3 Rh6 20.Nxb6 Qe8 21.Nxc8 Rxc8 22.Rfc1 Qh5
23.h3 Qh4 24.Qxb7 g4 25.fxg4 Qg3 26.Bf3 Rxh3 27.Ne2 Qh2+ 28.Kf2 Rxc1 29.Rxc1 Rxf3+
30.Kxf3 Ng6 31.Qc8+ Bf8 32.Qe6+ Kh8 33.Qf6+ Kg8 34.Kf2 Nh4 35.Ke1 f3 36.Rc8 Qh1+
37.Kd2 Ng6 38.gxf3 Qb1 39.Ra8 Qb7 40.Rxf8+ Nxf8 41.Qxd6 Qb2+ 42.Kd1 Ng6 43.Qd8+ Kf7
44.Qc7+ Kf6 45.Qc6+ Kg7 46.Qc2 Qa1+ 47.Kd2 Qf1 48.Qc7+ Kf6 49.d6 Nf4 50.Qe7+ Kg6
51.Qe8+ Kh6 52.g5+  1-0

[Event "Alcobendas op"]
[Site "Alcobendas"]
[Date "1994.??.??"]
[Round "8"]
[White "Corral Blanco, Juan A"]
[Black "Bass, Leonid"]
[Result "0-1"]
[WhiteElo "2395"]
[BlackElo "2495"]

1.d4 Nf6 2.c4 g6 3.Nc3 Bg7 4.e4 d6 5.Nf3 O-O 6.Be2 e5 7.O-O Nc6 8.d5 Ne7
9.Nd2 a5 10.Nb3 Nd7 11.Be3 b6 12.Nd2 f5 13.f3 f4 14.Bf2 g5 15.a3 Nf6 16.b4 g4
17.fxg4 axb4 18.Nb5 bxa3 19.Rxa3 Rxa3 20.Nxa3 Ng6 21.Nb5 Nd7 22.Qa4 Nc5 23.Qa7 f3
24.Nxf3 Nxe4 25.Be3 Nf4 26.Bd1 Bxg4 27.Qxc7 Qxc7 28.Nxc7 Nc3 29.Bb3 e4 30.Nd2 Bd4
31.Bxd4 Nfe2+ 32.Kh1 Rxf1+ 33.Nxf1 Nxd4 34.Ne3 Be2 35.Bc2 Bd3 36.Ne6 Nxc2  0-1